| 000 | 01647nam0a2200361 i 4500 | ||
|---|---|---|---|
| 001 | RU\NLR\BIBL_A\010359528 | ||
| 005 | 20260405235221.0 | ||
| 010 |
_a9785905277320 _9300 |
||
| 021 |
_aRU _b2014-20846 _91293 |
||
| 035 | _a(NILC)RuMoRGB-006764965 | ||
| 035 | _a(NLR Aleph) 010359528 | ||
| 090 |
_a10774699 _c10774699 |
||
| 100 | _a20140521d2013 km y0rusy50 ca | ||
| 101 | 0 | _arus | |
| 102 | _aRU | ||
| 105 | _aa|||z|||000yy | ||
| 200 | 1 |
_aРоссия и мир-система. Вехи развития. Размышления на тему _fПопов Г. Г., Щеголевский В. А. |
|
| 210 |
_aНогинск, Московская область _cАналитика Родис _d2013 |
||
| 215 |
_a563 с. _cил., табл. _d21 |
||
| 300 | _aНа обороте тит. л. авт.: Попов Г.Г., к.э.н., доц., Щеголевский В.А., к.э.н., доц. | ||
| 320 | _aБиблиогр.: с. 538-563 (278 назв.) и в подстроч. примеч. | ||
| 517 | 1 | _aВехи развития. Размышления на тему | |
| 607 |
_aРоссия _xИстория _91554184 _3RU\NLR\AUTH\66979780 |
||
| 675 | _a94(47+57) | ||
| 686 | 1 | _aТ3(2)0,02 | |
| 700 | 1 |
_7ca _8rus _aПопов _bГ. Г. _cканд. экон. наук, историк _gГригорий Германович _991759 _3RU\NLR\AUTH\77108834 |
|
| 701 | 1 |
_aЩеголевский _bВ. А. _gВалентин Александрович |
|
| 801 | 0 |
_aRU _bRuMoRKP _c20140320 _gRCR |
|
| 801 | 2 |
_aRU _bРГБ _c20140424 _grcr |
|
| 942 | _cBOOK | ||
| 980 | _aNBR | ||